LEADER 02270oam 2200613 450 001 9910702679203321 005 20150603165033.0 035 $a(CKB)5470000002429394 035 $a(OCoLC)891145602 035 $a(EXLCZ)995470000002429394 100 $a20140923d2014 ua 0 101 0 $aeng 135 $aurbn||||||||| 181 $ctxt$2rdacontent 182 $cc$2rdamedia 183 $acr$2rdacarrier 200 10$aDriving job growth $esmall business innovation and research : field hearing before the Committee on Small Business and Entrepreneurship, United States Senate, One Hundred Thirteenth Congress, second session, April 24, 2014 210 1$aWashington :$cU.S. Government Printing Office,$d2014. 215 $a1 online resource (iii, 65 pages) $cillustration 225 1 $aS. hrg. ;$v113-386 300 $aTitle from title screen (viewed September 23, 2014). 300 $aHeld in Seattle, Washington. 300 $aPrint version is available for sale by the Superintendent of Documents, U.S. Government Printing Office. 320 $aIncludes bibliographical references. 517 $aDriving job growth 606 $aFederal aid to small business$zWashington (State) 606 $aSmall business$xTechnological innovations$zWashington (State) 606 $aSmall business$zWashington (State)$xGrowth 606 $aJob creation$zWashington (State) 606 $aFederal aid to small business$2fast 606 $aJob creation$2fast 606 $aSmall business$xGrowth$2fast 606 $aSmall business$xTechnological innovations$2fast 607 $aWashington (State)$2fast 608 $aLegislative hearings.$2lcgft 615 0$aFederal aid to small business 615 0$aSmall business$xTechnological innovations 615 0$aSmall business$xGrowth. 615 0$aJob creation 615 7$aFederal aid to small business. 615 7$aJob creation. 615 7$aSmall business$xGrowth. 615 7$aSmall business$xTechnological innovations. 801 0$bGPO 801 1$bGPO 801 2$bGPO 801 2$bCOO 801 2$bOCLCO 801 2$bOCLCF 801 2$bGPO 906 $aBOOK 912 $a9910702679203321 996 $aDriving job growth$93437168 997 $aUNINA LEADER 01613nam 2200553 450 001 9910825020903321 005 20230809233516.0 010 $a1-118-89449-9 010 $a1-118-89450-2 010 $a1-118-89448-0 035 $a(CKB)4330000000007398 035 $a(MiAaPQ)EBC4856145 035 $a(DLC) 2017004075 035 $a(Au-PeEL)EBL4856145 035 $a(CaPaEBR)ebr11382770 035 $a(CaONFJC)MIL1009577 035 $a(OCoLC)987077134 035 $a(EXLCZ)994330000000007398 100 $a20170528h20172017 uy 0 101 0 $aeng 135 $aurcnu|||||||| 181 $2rdacontent 182 $2rdamedia 183 $2rdacarrier 200 10$aOptimization of energy systems /$fIbrahim Dincer, Marc A Rosen, Pouria Ahmadi 210 1$aChichester, West Sussex, United Kingdom :$cWiley,$d2017. 210 4$dİ2017 215 $a1 online resource (472 pages) 311 $a1-118-89443-X 320 $aIncludes bibliographical references and index. 606 $aPower (Mechanics) 606 $aPower resources 606 $aEnergy conservation 606 $aSustainable engineering 615 0$aPower (Mechanics) 615 0$aPower resources. 615 0$aEnergy conservation. 615 0$aSustainable engineering. 676 $a621.042 700 $aDinc?er$b I?brahim$f1964-$0421460 702 $aRosen$b Marc$g(Marc A.), 702 $aAhmadi$b Pouria 801 0$bMiAaPQ 801 1$bMiAaPQ 801 2$bMiAaPQ 906 $aBOOK 912 $a9910825020903321 996 $aOptimization of energy systems$94076573 997 $aUNINA LEADER 01167nam0 22003131i 450 001 UON00070327 005 20231205102348.194 010 $a04-359-0546-5 100 $a20020107d1990 |0itac50 ba 101 $aeng 102 $aGB 105 $a|||| ||||| 200 1 $aMatigari$fNgugi wa Thiong'o$gTranslated from the Gikuyu by Wangui wa Goro 205 $aOxford : Heinemann$b1990 210 $aIX,174 p.$a20 cm 215 $aFirst published in Gikuyu, 1987 410 1$1001UON00065571$12001 $aAfrican writers series 606 $aRomanzi africani$xKenya$xTraduzioni inglesi$3UONC020339$2FI 620 $aGB$dOxford$3UONL000029 676 $a896$cLETTERATURE AFRICANE$v21 700 0$aNg?g? waThiong'o$3UONV044690 712 $aHeinemann$3UONV247100$4650 790 1$aNgugi, James$zNg?g? waThiong'o$3UONV044691 801 $aIT$bSOL$c20250801$gRICA 899 $aSIBA - SISTEMA BIBLIOTECARIO DI ATENEO$2UONSI 912 $aUON00070327 950 $aSIBA - SISTEMA BIBLIOTECARIO DI ATENEO$dSI LETT I a 069 $eSI AA 14116 5 069 996 $aMatigari$91161266 997 $aUNIOR